| 000 | 00724nam a22002172 4500 | ||
|---|---|---|---|
| 999 |
_c7912 _d7912 |
||
| 001 | 7912 | ||
| 003 | BD - JhCC | ||
| 005 | 20180402110216.0 | ||
| 008 | 741222s1963 xxk 000 0 eng d | ||
| 035 | _a(BD - JhCC)7912 | ||
| 040 |
_aUKM _cUKM _dEQO _dBD - JhCC |
||
| 041 | _aeng | ||
| 082 | 0 | 4 |
_a591 _218 _bBAR 1963 |
| 100 | 1 |
_aBarnett, Lincoln Kinnear, _d1909- |
|
| 245 | 1 | 4 |
_aThe wonders of life on earth / _cby the editors of 'Life' and Lincoln Barnett ; text especially adapted by Sarel Eimerl from the original version. Special ed. for young readers. |
| 260 |
_bPrentice-Hall, _c1963. |
||
| 300 |
_a216 p. : _bill. ; _c29 cm. |
||
| 500 | _aOriginally published (B61-11218) 1961. | ||
| 942 |
_2ddc _cREF |
||